Statystyki dla Kraje o najmniejszej gęstości zaludnienia

Kliknij tutaj aby rozwiązać quiz!

Ogólne statystyki

  • Ten quiz został rozwiązany 301 razy
  • Średni wynik to 10 z 21

Statystyki odpowiedzi

Gęstość zaludnieniaPaństwo% Poprawnych
3,3Kanada
90%
8,5Rosja
89%
2,6Australia
81%
1,7Mongolia
81%
6,1Kazachstan
74%
2,7Islandia
58%
3,1Libia
57%
7,2Czad
51%
8,7Niger
49%
9,4Mali
48%
2,8Mauretania
45%
8,6Kongo
40%
2,3Namibia
39%
9,8Turkmenistan
38%
8,6Angola
37%
2,6Botswana
33%
7,8Boliwia
31%
5,9Republika Środkowoafrykańska
28%
2,7Surinam
20%
4,9Gabon
19%
3,3Gujana
19%

Rozkład punktacji

Percentyl według liczby udzielonych odpowiedzi

Procent ludzi z każdym wynikiem

Twoja historia wyników

Nie rozwiązałeś tego quizu